Statistics for Where Are They From - City #7

Click here to take the quiz!

General Stats

  • This quiz has been taken 26 times
  • The average score is 6 of 12

Answer Stats

HintAnswer% Correct
Marco Polo, Antonio Vivaldi, Pierre Cardin, Debora CaprioglioVenice
83%
Martin Luther King Jr., Kanye West, Chloë Grace Moretz, Cam Newton Atlanta
79%
Joaquin Phoenix, Ricky Martin, Roselyn Sánchez, Daddy Yankee San Juan
71%
Natalie Portman, Solomon, Brian George, Amin al-Husseini Jerusalem
67%
Joe Strummer, Esra Bilgiç, Akın Akınözü, Engin Akyürek Ankara
58%
Pedro Pascal, Cote de Pablo, Sebastián Piñera, Arturo VidalSantiago
54%
Stephen Hawking, Hugh Laurie, Florence Pugh, Miriam Margolyes Oxford
50%
Christiaan Huygens, Dick Advocaat, Mariska Veres, William IThe Hague
46%
Sergio Ramos, Diego Velázquez, Paz Vega, Antonio Machado Seville
42%
Oda Nobunaga, Akira Toriyama, Mao Asada, Akio Toyoda Nagoya
38%
J. R. R. Tolkien, Zola Budd, Linda Mvusi, Mosiuoa Lekota Bloemfontein
29%
Bret Hart, Cory Monteith, Todd McFarlane, Jessica Parker Kennedy Calgary
29%

Score Distribution

Percentile by Number Answered

Percent of People with Each Score

Your Score History

You have not taken this quiz